000 00471nam a2200193Ia 4500
005 20240823025921.0
008 240823s9999||||xx |||||||||||||| ||und||
020 _a978-81-8356-528-8
041 _aENGLISH
082 _A574.191 Q0
100 _aRajeev Tyagi
245 0 _aUnderstanding Biomechanics
250 _a1st
260 _c2010
_b"Discovery Pub,New Delhi"
500 _aYES
650 _aBiomechanics
_bBio Medical Engg.
942 _cBK
999 _c187456
_d187456